00510nam a2200157Ia 4500008004100000020001500041082002000056100002100076245003100097260004500128650002500173650002800198942000700226999001700233952010200250220204s9999 xx 000 0 und d a0120007843 a631/635bADV.86 aSparks, Donald L 0aAdvances in agronomy. V.86 aAmsterdambElsevier Academic Pressc2005 aCarbon sequestration aIsoflavone biosynthesis cBK c42435d42435 00104070aMAINbMAINd2021-12-16l0o631/635 ADV.86p22707r2021-12-16 00:00:00w2022-02-14yBK